Catalog

Record Details

Catalog Search



Intelligent Technologies for Interactive Entertainment First International Conference, INTETAIN 2005, Madonna di Campiglio, Italy, November 30 – December 2, 2005. Proceedings  Cover Image E-book E-book

Intelligent Technologies for Interactive Entertainment [electronic resource] : First International Conference, INTETAIN 2005, Madonna di Campiglio, Italy, November 30 – December 2, 2005. Proceedings / edited by Mark Maybury, Oliviero Stock, Wolfgang Wahlster.

Maybury, Mark. (editor.). Stock, Oliviero. (editor.). Wahlster, Wolfgang. (editor.). SpringerLink (Online service) (Added Author).

Electronic resources


LDR 02111nam a22005175i 4500
00118209
003CONS
00520131220022934.0
007cr nn 008mamaa
008101222s2005 gw | s |||| 0|eng d
020 . ‡a9783540316510 ‡9978-3-540-31651-0
0247 . ‡a10.1007/11590323 ‡2doi
035 . ‡a(DE-He213)978-3-540-31651-0
050 4. ‡aQ334-342
050 4. ‡aTJ210.2-211.495
072 7. ‡aUYQ ‡2bicssc
072 7. ‡aTJFM1 ‡2bicssc
072 7. ‡aCOM004000 ‡2bisacsh
1001 . ‡aMaybury, Mark. ‡eeditor.
24510. ‡aIntelligent Technologies for Interactive Entertainment ‡h[electronic resource] : ‡bFirst International Conference, INTETAIN 2005, Madonna di Campiglio, Italy, November 30 – December 2, 2005. Proceedings / ‡cedited by Mark Maybury, Oliviero Stock, Wolfgang Wahlster.
264 1. ‡aBerlin, Heidelberg : ‡bSpringer Berlin Heidelberg, ‡c2005.
300 . ‡aXV, 342 p. Also available online. ‡bonline resource.
336 . ‡atext ‡btxt ‡2rdacontent
337 . ‡acomputer ‡bc ‡2rdamedia
338 . ‡aonline resource ‡bcr ‡2rdacarrier
347 . ‡atext file ‡bPDF ‡2rda
4901 . ‡aLecture Notes in Computer Science, ‡x0302-9743 ; ‡v3814
650 0. ‡aComputer science.
650 0. ‡aInformation systems.
650 0. ‡aMultimedia systems.
650 0. ‡aArtificial intelligence.
650 0. ‡aComputer graphics.
65014. ‡aComputer Science.
65024. ‡aArtificial Intelligence (incl. Robotics).
65024. ‡aInformation Systems Applications (incl.Internet).
65024. ‡aMultimedia Information Systems.
65024. ‡aUser Interfaces and Human Computer Interaction.
65024. ‡aComputer Graphics.
65024. ‡aComputer Appl. in Arts and Humanities.
7001 . ‡aStock, Oliviero. ‡eeditor.
7001 . ‡aWahlster, Wolfgang. ‡eeditor.
7102 . ‡aSpringerLink (Online service)
7730 . ‡tSpringer eBooks
77608. ‡iPrinted edition: ‡z9783540305095
830 0. ‡aLecture Notes in Computer Science, ‡x0302-9743 ; ‡v3814
85640. ‡uhttp://biblioteca.ipicyt.edu.mx:2048/login?url=http://dx.doi.org/10.1007/11590323 ‡yTexto completo ‡9CONS
950 . ‡aComputer Science (Springer-11645)
901 . ‡a18209 ‡b ‡c18209 ‡tbiblio ‡sSystem Local

Additional Resources